000 00395nam a22001577a 4500
999 _c18872
_d18872
008 210408b xxu||||| |||| 00| 0 eng d
020 _a0136116329
050 _aQA39.2
_b.C54 2914 c.1
100 _aCleaves, Cheryl
245 _aCollege Mathematics
250 _a9th ed.
260 _aBoston
_bPearson
_c2014
300 _a3 vol (various paging)
700 _aMargie Hobbs
942 _2lcc
_cBK